Normal view MARC view
  • Hernández Ángeles, Rafael

Entry Nombre Personal

Number of records used in: 1

001 - NUMERO DE CONTROL

  • campo de control: 47799

003 - IDENTIFICADOR DE NUMERO DE CONTROL

  • campo de control: UPN

005 - FECHA Y HORA DE LA ÜLTIMA TRANSACCIÓN

  • campo de control: 20230301092459.0

008 - DATOS DE LONGITUD FIJA

  • campo de control de longitud fija: 010323|| aca||aabn | a|a d

040 ## - FUENTE DE CATALOGACIÓN

  • Agencia original de catalogación: MX-MxUPN
  • Lenguaje de catalogación: spa
  • Agencia que lo modifica: MX-MxUPN

100 1# - ENCABEZAMIENTO - NOMBRE PERSONAL

  • Nombre personal: Hernández Ángeles, Rafael

400 1# - VEÁSE - NOMBRE DE PERSONA

  • Personal name: Ángeles, Rafael Hernández

670 ## - FUENTE EN LA QUE SE LOCALIZARON DATOS

  • Cita de la fuente: En la obra: A 100 años: iconografía de Venustiano Carranza, 2020:
  • Información localizada: reverso de la portada (catalogación en la fuente Rafael Hernández Ángeles, investigación iconográfica y textos)

902 ## - CATALOGADOR

  • Catalogador: NDAF/010323